000 01309nam a2200325 a 4500
001 ebr10713138
003 CaPaEBR
006 m o u
007 cr cn|||||||||
008 130605s2007 enk sb 001 0 eng d
020 _z9781845113889
020 _z9780857713674 (e-book)
040 _aCaPaEBR
_cCaPaEBR
035 _a(OCoLC)184738386
043 _aa-ir---
050 1 4 _aJC573.2.I7
_bE38 2007eb
082 0 4 _a955.054
_223
100 1 _aEhteshami, Anoushiravan.
245 1 0 _aIran and the rise of its neoconservatives
_h[electronic resource] :
_bthe politics of Tehran's silent revolution /
_cAnoushiravan Ehteshami and Mahjoob Zweiri.
260 _aLondon ;
_aNew York :
_bI.B. Tauris,
_c2007.
300 _axix, 215 p.
504 _aIncludes bibliographical references and index.
533 _aElectronic reproduction.
_bPalo Alto, Calif. :
_cebrary,
_d2013.
_nAvailable via World Wide Web.
_nAccess may be limited to ebrary affiliated libraries.
650 0 _aConservatives
_zIran.
651 0 _aTehran (Iran)
_xPolitics and government
_y21st century.
655 7 _aElectronic books.
_2local
700 1 _aZweiri, Mahjoob.
710 2 _aebrary, Inc.
856 4 0 _uhttp://site.ebrary.com/lib/rucke/Doc?id=10713138
_zAn electronic book accessible through the World Wide Web; click to view
999 _c1043
_d1043